[Event "Zuerich Seniors op 08th"]
[Site "Zuerich"]
[Date "2010.01.25"]
[Round "1"]
[White "Schuerer, Toni"]
[Black "Moser, Willy"]
[Result "1-0"]
[WhiteElo "1828"]
[BlackElo "1454"]
[PlyCount "66"]
[EventDate "2010.01.25"]
[EventType "swiss"]
[EventRounds "9"]
[EventCountry "SUI"]
[SourceTitle "EXT 2022"]
[Source "ChessBase"]
[SourceDate "2021.10.06"]
[SourceVersion "1"]
[SourceVersionDate "2021.10.06"]
[SourceQuality "1"]

1. e4 e5 2. Nc3 Nc6 3. f4 Nf6 4. Nf3 d6 5. f5 a6 6. d3 Be7 7. Be3 d5 8. Bf2 d4 9. Ne2 h6 10. Ng3 0-0 11. h4 Nh7 12. Qd2 f6 13. Ne2 Bd7 14. g4 Be8 15. Bg3 Na7 16. Bg2 c5 17. g5 fxg5 18. hxg5 Bxg5 19. Nxg5 Qxg5 20. Qxg5 Nxg5 21. Bxe5 Nc6 22. Bd6 Rf7 23. Bxc5 Rd7 24. 0-0-0 Bf7 25. b3 Rb8 26. Nf4 b6 27. Ba3 Ne5 28. Rdf1 Rc8 29. Kb1 b5 30. f6 Ng6 31. Nh5 gxf6 32. Nxf6+ Kg7 33. Nxd7 Be6 1-0

[Event "Zuerich Seniors op 05th"]
[Site "Zuerich"]
[Date "2007.01.26"]
[Round "5"]
[White "Brunner, Oscar"]
[Black "Moser, Willy"]
[Result "1/2-1/2"]
[WhiteElo "1494"]
[BlackElo "1400"]
[PlyCount "118"]
[EventDate "2007.01.22"]
[EventType "swiss"]
[EventRounds "9"]
[EventCountry "SUI"]
[SourceTitle "EXT 2022"]
[Source "ChessBase"]
[SourceDate "2021.10.06"]
[SourceVersion "1"]
[SourceVersionDate "2021.10.06"]
[SourceQuality "1"]

1. d4 d5 2. Nf3 Nf6 3. Bf4 e6 4. c3 b6 5. e3 Bb7 6. Be2 g6 7. Nbd2 h6 8. Be5 Bg7 9. Rc1 0-0 10. 0-0 Nbd7 11. Bxf6 Nxf6 12. c4 c5 13. b3 Nh7 14. cxd5 exd5 15. dxc5 bxc5 16. Rxc5 Qe7 17. Rc2 Rad8 18. Nd4 Nf6 19. Nc6 Bxc6 20. Rxc6 Rd6 21. Rxd6 Qxd6 22. h3 Rd8 23. Nf3 Ne4 24. Qc2 f5 25. Rd1 Kh7 26. Nd4 h5 27. Rc1 Kh6 28. Qc7 Qxc7 29. Rxc7 Bxd4 30. exd4 Re8 31. Bf3 Nf6 32. Kf1 Ne4 33. Bxe4 Rxe4 34. Rxa7 Rxd4 35. Ke2 Re4+ 36. Kd3 Kg5 37. Rd7 Re5 38. b4 f4 39. b5 d4 40. Kxd4 Rxb5 41. Rd5+ Rxd5+ 42. Kxd5 Kf6 43. a4 Ke7 44. Kc6 g5 45. a5 g4 46. a6 f3 47. gxf3 gxh3 48. a7 h2 49. a8Q h1Q 50. Qa3+ Kf6 51. Qc3+ Kg5 52. Qg7+ Kf4 53. Qd4+ Kg5 54. Qe5+ Kh6 55. Qe6+ Kg5 56. Qg8+ Kh6 57. Kd7 Qd1+ 58. Ke6 Qe2+ 59. Kf5 Qb5+ 1/2-1/2